|
|
|
|
| LEADER |
00000nam0a2200000 4500 |
| 001 |
287191 |
| 005 |
20250211063208.0 |
| 035 |
|
|
|a (RuTPU)RU\TPU\book\311569
|
| 035 |
|
|
|a RU\TPU\book\311553
|
| 090 |
|
|
|a 287191
|
| 100 |
|
|
|a 20150313d1984 k y0rusy50 ca
|
| 101 |
0 |
|
|a rus
|
| 102 |
|
|
|a RU
|
| 105 |
|
|
|a y z 001zy
|
| 200 |
1 |
|
|a Организация и управление познавательной деятельностью студентов в процессе обучения
|e межвузовский тематический сборник
|f Московский энергетический институт (МЭИ) ; под ред. А. И. Шихина
|
| 210 |
|
|
|a Москва
|c Изд-во МЭИ
|d 1984
|
| 215 |
|
|
|a 200 с.
|
| 225 |
1 |
|
|a Научные труды [МЭИ]
|v Вып. 40
|
| 320 |
|
|
|a Библиогр. в конце статей
|
| 500 |
1 |
0 |
|a Труды Московского энергетического института
|9 88841
|
| 606 |
1 |
|
|a Дидактика
|x Высшее образование
|2 stltpush
|3 (RuTPU)RU\TPU\subj\9461
|9 36705
|
| 610 |
1 |
|
|a познавательная деятельность
|
| 610 |
1 |
|
|a студенты
|
| 610 |
1 |
|
|a обучение
|
| 610 |
1 |
|
|a вузы
|
| 610 |
1 |
|
|a управление
|
| 610 |
1 |
|
|a организация
|
| 610 |
1 |
|
|a учебные процессы
|
| 610 |
1 |
|
|a конспектирование
|
| 610 |
1 |
|
|a педагогическая практика
|
| 610 |
1 |
|
|a иностранные студенты
|
| 610 |
1 |
|
|a технические средства
|
| 610 |
1 |
|
|a научные труды
|
| 686 |
|
|
|a Ч481.2
|2 rubbk
|
| 702 |
|
1 |
|a Шихин
|b А. И.
|4 340
|
| 712 |
0 |
2 |
|a Московский энергетический институт (МЭИ)
|c (1930-1992)
|3 (RuTPU)RU\TPU\col\20092
|
| 801 |
|
1 |
|a RU
|b 63413507
|c 20140915
|
| 801 |
|
2 |
|a RU
|b 63413507
|c 20180205
|g RCR
|
| 942 |
|
|
|c BK
|